| 000 | 00406nam a22001217a 4500 | ||
|---|---|---|---|
| 082 | _a200 THE | ||
| 100 |
_aKiran Majeed Choudhry _970407 |
||
| 245 | _aTH-SOF-1179-Designing Acceptance Test Procedures (ATPs) for Smart Nano Grid Applications | ||
| 260 |
_aIslamabad _bNUST College of EME _c2015 |
||
| 650 |
_a MS-CSE-13 MSTHESIS _969839 |
||
| 700 |
_aSupervison Dr. Shoab Ahmed Khan _970199 |
||
| 942 | _cCF | ||
| 999 |
_c577388 _d577388 |
||